[Event "Feffernitz Raika op 19th"]
[Site "Feffernitz"]
[Date "2010.08.29"]
[Round "9"]
[White "Tarmastin, Laura"]
[Black "Taupe, Andreas"]
[Result "1-0"]
[WhiteElo "1793"]
[BlackElo "1606"]
[PlyCount "43"]
[EventDate "2010.08.22"]
[EventType "swiss"]
[EventRounds "9"]
[EventCountry "AUT"]
[SourceTitle "CBM 138 Extra"]
[Source "ChessBase"]
[SourceDate "2010.10.29"]
[SourceVersion "1"]
[SourceVersionDate "2010.10.29"]
[SourceQuality "1"]

1. e4 d6 2. f4 Nf6 3. Nc3 Nc6 4. d3 g6 5. Nf3 Bg4 6. h3 Bxf3 7. Qxf3 Bg7 8. Be3 e5 9. f5 Qd7 10. g4 0-0-0 11. g5 Nh5 12. f6 Bf8 13. h4 Kb8 14. Bh3 Qe8 15. Bg4 Nf4 16. Bxf4 exf4 17. Qxf4 d5 18. 0-0-0 dxe4 19. Qxe4 Qxe4 20. Nxe4 h5 21. Bf3 Ne5 22. Rhf1 1-0

[Event "Feffernitz Raika op 19th"]
[Site "Feffernitz"]
[Date "2010.08.28"]
[Round "8"]
[White "Taupe, Andreas"]
[Black "Zeber, Karl"]
[Result "1/2-1/2"]
[WhiteElo "1606"]
[BlackElo "1763"]
[PlyCount "37"]
[EventDate "2010.08.22"]
[EventType "swiss"]
[EventRounds "9"]
[EventCountry "AUT"]
[SourceTitle "CBM 138 Extra"]
[Source "ChessBase"]
[SourceDate "2010.10.29"]
[SourceVersion "1"]
[SourceVersionDate "2010.10.29"]
[SourceQuality "1"]

1. e4 c5 2. c3 d5 3. Bd3 e6 4. Nf3 Nc6 5. 0-0 g6 6. Bc2 Nge7 7. d3 Bg7 8. Nbd2 0-0 9. exd5 exd5 10. Nb3 b6 11. Be3 Bb7 12. d4 c4 13. Nc1 b5 14. Qd2 Qd7 15. Bh6 f6 16. Ne2 Nf5 17. Bxg7 Nxg7 18. Rfe1 a5 19. Qf4 1/2-1/2